Quiz mythologique : Déméter. - Statistiques

Statistiques générales
  • Ce quiz a été pris 191 fois
  • Le résultat moyen est 7 sur 12
Statistiques - réponses
Questions Réponses % Correct
De quoi Déméter est-elle la déesse? Agriculture
94%
Quel dieu l'a enlevée? Hadès
92%
Elle ce sert de cet objet pour rechercher sa fille, enlevée par un dieu. Qui est cette fille? Perséphone
85%
Avec quel élément végétal en lien avec sa fonction est-elle représenté? Gerbe de blé
84%
Père Cronos
82%
Mère Rhéa
74%
Nom romain Cérès
67%
Selon la tradition grecque, de quoi cet enlèvement est-il l'origine? Cycle des saisons
63%
Quel animal l'accompagne? Truie | Couleuvre
16%
Nommez un autre de ses enfants. Ploutos | Arion | Despoina
13%
Quel est son principal attribut? Flambeau
8%
Quel nom prend-t-elle sous l'apparence d'une vieille femme lorsque elle recherche sa fille? Doso
5%
Aucun quiz correspondant
Distribution des résultats
% des personnes avec chaque résultat
Percentile par nombre de réponses
Votre historique - résultats
Vous n’avez pas pris ce quiz